000 00374nam a2200133Ia 4500
005 20260326235449.0
008 260326s9999||||xx |||||||||||||| ||und||
100 _aNelson, George
245 0 _aTomorrow's House :
_b A complete Guide for the Homebuilder /
_cGeorge Nelson
260 _bSimon & Schuster
300 _a214 p.
650 _aARQUITECTURA RESIDENCIAL
942 _cBK
999 _c7695
_d7695